Types of instruments - Statistics

General Stats
  • This quiz has been taken 37 times
  • The average score is 4 of 5
Answer Stats
Answer % Correct
Brass
97%
Woodwind
97%
Percussion
94%
Strings
85%
Keyboard
29%
No matching quizzes found
Score Distribution
Percent of People with Each Score
Percentile by Number Answered
Your Score History
You have not taken this quiz